Nomi, cose e città: Pokémon - Statistics

Statistiche generali
  • Questo quiz è stato fatto 236 volte
  • Il punteggio medio è 19 su 26
Statistiche sulle risposte
Hint Risposta % Corretto
P Pachirisu|Palafin|Palkia|Palossand|Palpitoad|Pancham|Pangoro|Panpour|Pansage|Pansear|Paras|Parasect|Passimian|Patrat|Pawmi|Pawmo|Pawmot|Pawniard|Pecharunt|Peldisabbia|Pelipper|Perrserker|Persian|Petilil|Phanpy|Phantump|Pheromosa|Phione|Pichu|Pidgeot|Pidgeotto|Pidgey|Pidove|Pignite|Pikachu|Pikipek|Piloswine|Pincurchin|Pineco|Pinsir|Piplup|Plusle|Poipole|Politoed|Poliwag|Poliwhirl|Poliwrath|Poltchageist|Polteageist|Ponyta|Poochyena|Popplio|Porygon|Porygon-Z|Porygon2|Primarina|Primeape|Prinplup|Probopass|Psyduck|Pumpkaboo|Pupitar|Purrloin|Purugly|Pyroar|Pyukumuku
94%
B Bagon|Baltoy|Banette|Barbaracle|Barboach|Barraskewda|Basculegion|Basculin|Bastiodon|Baxcalibur|Bayleef|Beartic|Beautifly|Beedrill|Beheeyem|Beldum|Bellibolt|Bellossom|Bellsprout|Bergmite|Bewear|Bibarel|Bidoof|Binacle|Bisharp|Blacephalon|Blastoise|Blaziken|Blipbug|Blissey|Blitzle|Boldore|Boltund|Bombirdier|Bonsly|Bouffalant|Bounsweet|Braixen|Brambleghast|Bramblin|Braviary|Breloom|Brionne|Bronzong|Bronzor|Bruxish|Budew|Buizel|Bulbasaur|Buneary|Bunnelby|Burmy|Butterfree|Buzzwole
93%
C Cacnea|Cacturne|Calyrex|Camerupt|Capoferreo|Capsakid|Carbink|Carkol|Carnivine|Carracosta|Carvanha|Cascoon|Castform|Caterpie|Celebi|Celesteela|Centiskorch|Ceruledge|Cetitan|Cetoddle|Chandelure|Chansey|Charcadet|Charizard|Charjabug|Charmander|Charmeleon|Chatot|Cherrim|Cherubi|Chesnaught|Chespin|Chewtle|Chi-Yu|Chien-Pao|Chikorita|Chimchar|Chimecho|Chinchou|Chingling|Cinccino|Cinderace|Clamperl|Clauncher|Clawitzer|Claydol|Clefable|Clefairy|Cleffa|Clobbopus|Clodsire|Cloyster|Coalossal|Cobalion|Codaurlante|Cofagrigus|Colloferreo|Combee|Combusken|Comfey|Conkeldurr|Copperajah|Corphish|Corsola|Corviknight|Corvisquire|Cosmoem|Cosmog|Cottonee|Crabominable|Crabrawler|Cradily|Cramorant|Cranidos|Crawdaunt|Cresselia|Crinealato|Croagunk|Crobat|Crocalor|Croconaw|Crustle|Cryogonal|Cubchoo|Cubone|Cufant|Cursola|Cutiefly|Cyclizar|Cyndaquil
91%
A Abomasnow|Abra|Absol|Accelgor|Acquecrespe|Aegislash|Aerodactyl|Aggron|Aipom|Alakazam|Alcremie|Alirasenti|Alomomola|Altaria|Amaura|Ambipom|Amoonguss|Ampharos|Annihilape|Anorith|Appletun|Applin|Araquanid|Arbok|Arboliva|Arcanine|Arceus|Archaludon|Archen|Archeops|Arctibax|Arctovish|Arctozolt|Ariados|Armaldo|Armarouge|Aromatisse|Aron|Arrokuda|Articuno|Audino|Aurorus|Avalugg|Axew|Azelf|Azumarill|Azurill
87%
S Sableye|Saccoferreo|Salamence|Salandit|Salazzle|Samurott|Sandaconda|Sandile|Sandshrew|Sandslash|Sandygast|Sawk|Sawsbuck|Scatterbug|Sceptile|Scizor|Scolipede|Scorbunny|Scovillain|Scrafty|Scraggy|Scyther|Seadra|Seaking|Sealeo|Seedot|Seel|Seismitoad|Sentret|Serperior|Servine|Seviper|Sewaddle|Sharpedo|Shaymin|Shedinja|Shelgon|Shellder|Shellos|Shelmet|Shieldon|Shiftry|Shiinotic|Shinx|Shroodle|Shroomish|Shuckle|Shuppet|Sigilyph|Silcoon|Silicobra|Silvally|Simipour|Simisage|Simisear|Sinistcha|Sinistea|Sirfetch'd|Sizzlipede|Skarmory|Skeledirge|Skiddo|Skiploom|Skitty|Skorupi|Skrelp|Skuntank|Skwovet|Slaking|Slakoth|Sliggoo|Slowbro|Slowking|Slowpoke|Slugma|Slurpuff|Smeargle|Smoliv|Smoochum|Sneasel|Sneasler|Snivy|Snom|Snorlax|Snorunt|Snover|Snubbull|Sobble|Solcoferreo|Solgaleo|Solosis|Solrock|Spearow|Spectrier|Spewpa|Spheal|Spidops|Spinarak|Spinda|Spineferree|Spiritomb|Spoink|Sprigatito|Spritzee|Squawkabilly|Squirtle|Stakataka|Stantler|Staraptor|Staravia|Starly|Starmie|Staryu|Steelix|Steenee|Stonjourner|Stoutland|Stufful|Stunfisk|Stunky|Sudowoodo|Suicune|Sunflora|Sunkern|Surskit|Swablu|Swadloon|Swalot|Swampert|Swanna|Swellow|Swinub|Swirlix|Swoobat|Sylveon
86%
G Gabite|Gallade|Galvantula|Garbodor|Garchomp|Gardevoir|Garganacl|Gastly|Gastrodon|Genesect|Gengar|Geodude|Gholdengo|Gible|Gigalith|Gimmighoul|Girafarig|Giratina|Glaceon|Glalie|Glameow|Glastrier|Gligar|Glimmet|Glimmora|Gliscor|Gloom|Gogoat|Golbat|Goldeen|Golduck|Golem|Golett|Golisopod|Golurk|Goodra|Goomy|Gorebyss|Gossifleur|Gothita|Gothitelle|Gothorita|Gourgeist|Grafaiai|Granbull|Grandizanne|Grapploct|Graveler|Greavard|Greedent|Greninja|Grimer|Grimmsnarl|Grookey|Grotle|Groudon|Grovyle|Growlithe|Grubbin|Grumpig|Gulpin|Gumshoos|Gurdurr|Guzzlord|Gyarados
85%
M Mabosstiff|Machamp|Machoke|Machop|Magby|Magcargo|Magearna|Magikarp|Magmar|Magmortar|Magnemite|Magneton|Magnezone|Makuhita|Malamar|Mamoswine|Manaphy|Mandibuzz|Manectric|Mankey|Manoferrea|Mantine|Mantyke|Maractus|Mareanie|Mareep|Marill|Marowak|Marshadow|Marshtomp|Maschiff|Masquerain|Massoferreo|Maushold|Mawile|Medicham|Meditite|Meganium|Melmetal|Meloetta|Meltan|Meowscarada|Meowstic|Meowth|Mesprit|Metagross|Metang|Metapod|Mew|Mewtwo|Mienfoo|Mienshao|Mightyena|Milcery|Milotic|Miltank|Mime Jr.|Mimikyu|Minccino|Minior|Minun|Miraidon|Misdreavus|Mismagius|Moltres|Monferno|Morelull|Morgrem|Morpeko|Mothim|Mr. Mime|Mr. Rime|Mudbray|Mudkip|Mudsdale|Muk|Munchlax|Munkidori|Munna|Murkrow|Musharna
85%
D Dachsbun|Darkrai|Darmanitan|Dartrix|Darumaka|Decidueye|Dedenne|Deerling|Deino|Delcatty|Delibird|Delphox|Deoxys|Dewgong|Dewott|Dewpider|Dhelmise|Dialga|Diancie|Diggersby|Diglett|Dipplin|Ditto|Dodrio|Doduo|Dolliv|Dondozo|Donphan|Dottler|Doublade|Dracovish|Dracozolt|Dragalge|Dragapult|Dragonair|Dragonite|Drakloak|Drampa|Drapion|Dratini|Drednaw|Dreepy|Drifblim|Drifloon|Drilbur|Drizzile|Drowzee|Druddigon|Dubwool|Ducklett|Dudunsparce|Dugtrio|Dunsparce|Duosion|Duraludon|Durant|Dusclops|Dusknoir|Duskull|Dustox|Dwebble
84%
E Eelektrik|Eelektross|Eevee|Eiscue|Ekans|Eldegoss|Electabuzz|Electivire|Electrike|Electrode|Elekid|Elgyem|Emboar|Emolga|Empoleon|Enamorus|Entei|Eroeferreo|Escavalier|Espathra|Espeon|Espurr|Eternatus|Excadrill|Exeggcute|Exeggutor|Exploud
83%
F Falenaferrea|Falinks|Farfetch'd|Farigiraf|Fearow|Feebas|Fennekin|Feraligatr|Ferroseed|Ferrothorn|Fezandipiti|Fidough|Finizen|Finneon|Flaaffy|Flabébé|Flamigo|Flapple|Flareon|Fletchinder|Fletchling|Flittle|Floatzel|Floette|Floragato|Florges|Flygon|Fogliaferrea|Fomantis|Foongus|Forretress|Fraxure|Frigibax|Frillish|Froakie|Frogadier|Froslass|Frosmoth|Fuecoco|Fungofurioso|Furfrou|Furiatonante|Furret
77%
R Raboot|Rabsca|Raichu|Raikou|Ralts|Rampardos|Rapidash|Raticate|Rattata|Rayquaza|Regice|Regidrago|Regieleki|Regigigas|Regirock|Registeel|Relicanth|Rellor|Remoraid|Reshiram|Reuniclus|Revavroom|Rhydon|Rhyhorn|Rhyperior|Ribombee|Rillaboom|Riolu|Rockruff|Roggenrola|Rolycoly|Rookidee|Roselia|Roserade|Rotom|Rowlet|Rufflet|Runerigus
77%
Z Zacian|Zamazenta|Zangoose|Zapdos|Zarude|Zebstrika|Zekrom|Zeraora|Zigzagoon|Zoroark|Zorua|Zubat|Zweilous|Zygarde
75%
L Lairon|Lampent|Landorus|Lanturn|Lapras|Larvesta|Larvitar|Latias|Latios|Leafeon|Leavanny|Lechonk|Ledian|Ledyba|Lickilicky|Lickitung|Liepard|Lileep|Lilligant|Lillipup|Linoone|Litleo|Litten|Litwick|Lokix|Lombre|Lopunny|Lotad|Loudred|Lucario|Ludicolo|Lugia|Lumineon|Lunala|Lunaruggente|Lunatone|Lurantis|Luvdisc|Luxio|Luxray|Lycanroc
74%
H Hakamo-o|Happiny|Hariyama|Hatenna|Hatterene|Hattrem|Haunter|Hawlucha|Haxorus|Heatmor|Heatran|Heliolisk|Helioptile|Heracross|Herdier|Hippopotas|Hippowdon|Hitmonchan|Hitmonlee|Hitmontop|Ho-Oh|Honchkrow|Honedge|Hoopa|Hoothoot|Hoppip|Horsea|Houndoom|Houndour|Houndstone|Huntail|Hydrapple|Hydreigon|Hypno
73%
J Jangmo-o|Jellicent|Jigglypuff|Jirachi|Jolteon|Joltik|Jumpluff|Jynx
73%
K Kabuto|Kabutops|Kadabra|Kakuna|Kangaskhan|Karrablast|Kartana|Kecleon|Keldeo|Kilowattrel|Kingambit|Kingdra|Kingler|Kirlia|Klang|Klawf|Kleavor|Klefki|Klink|Klinklang|Koffing|Komala|Kommo-o|Koraidon|Krabby|Kricketot|Kricketune|Krokorok|Krookodile|Kubfu|Kyogre|Kyurem
73%
V Vampeaguzze|Vanillish|Vanillite|Vanilluxe|Vaporeon|Varoom|Veluza|Venipede|Venomoth|Venonat|Venusaur|Vespiquen|Vibrava|Victini|Victreebel|Vigoroth|Vikavolt|Vileplume|Virizion|Vivillon|Volbeat|Volcanion|Volcarona|Voltorb|Vullaby|Vulpix
73%
T Tadbulb|Taillow|Talonflame|Tandemaus|Tangela|Tangrowth|Tapu Bulu|Tapu Fini|Tapu Koko|Tapu Lele|Tarountula|Tatsugiri|Tauros|Teddiursa|Tentacool|Tentacruel|Tepig|Terapagos|Terrakion|Thievul|Throh|Thundurus|Thwackey|Timburr|Ting-Lu|Tinkatink|Tinkaton|Tinkatuff|Tipo Zero|Tirtouga|Toedscool|Toedscruel|Togedemaru|Togekiss|Togepi|Togetic|Torchic|Torkoal|Tornadus|Torracat|Torterra|Totodile|Toucannon|Toxapex|Toxel|Toxicroak|Toxtricity|Tranquill|Trapinch|Treecko|Trevenant|Tropius|Trubbish|Trumbeak|Tsareena|Turtonator|Turtwig|Tympole|Tynamo|Typhlosion|Tyranitar|Tyrantrum|Tyrogue|Tyrunt
70%
N Nacli|Naclstack|Naganadel|Natu|Necrozma|Nickit|Nidoking|Nidoqueen|Nidoran♀|Nidoran♂|Nidorina|Nidorino|Nihilego|Nincada|Ninetales|Ninjask|Noctowl|Noibat|Noivern|Nosepass|Numel|Nuzleaf|Nymble
65%
O Obstagoon|Octillery|Oddish|Ogerpon|Oinkologne|Okidogi|Omanyte|Omastar|Onix|Oranguru|Orbeetle|Oricorio|Orthworm|Oshawott|Overqwil
64%
I Igglybuff|Illumise|Impidimp|Incineroar|Indeedee|Infernape|Inkay|Inteleon|Ivysaur
61%
U Umbreon|Unfezant|Unown|Ursaluna|Ursaring|Urshifu|Uxie
59%
W Wailmer|Wailord|Walrein|Wartortle|Watchog|Wattrel|Weavile|Weedle|Weepinbell|Weezing|Whimsicott|Whirlipede|Whiscash|Whismur|Wigglytuff|Wiglett|Wimpod|Wingull|Wishiwashi|Wo-Chien|Wobbuffet|Woobat|Wooloo|Wooper|Wormadam|Wugtrio|Wurmple|Wynaut|Wyrdeer
59%
X Xatu|Xerneas|Xurkitree
54%
Q Quagsire|Quaquaval|Quaxly|Quaxwell|Quilava|Quilladin|Qwilfish
53%
Y Yamask|Yamper|Yanma|Yanmega|Yungoos|Yveltal
50%
Nessun quiz corrispondente trovato
Distribuzione punteggi
Percentuale di utenti per punteggio
Percentile per numero di risposta
I tuoi punteggi nel tempo
Non hai fatto questo quiz